Introduction to music

Bibliographic Details
Main Author: Pen, Ronald
Format: Book
Published: New York : McGraw-Hill , 1992
Subjects:

MARC

LEADER 00000cam a2200000 7i4500
001 0000003011
002 000003260
005 20000330.0
020 |a 0070380686 
090 0 0 |a 780   |b PEN 
100 1 |a Pen, Ronald 
245 1 0 |a Introduction to music   |c Ronald Pen 
260 |a New York :   |b McGraw-Hill ,   |c 1992 
300 |a 333p. ;   |c 20cm. 
650 0 0 |a Music appreciation 
999 |a 036586   |b BUKU   |c PINJAMAN   |e PERPUSTAKAAN KOMUNITI PETALING JAYA 
999 |a 036587   |b BUKU   |c PINJAMAN   |e PERPUSTAKAAN KOMUNITI PETALING JAYA